| 000 | 01409nam0a22003491 4500 | ||
|---|---|---|---|
| 001 | rc\2250790 | ||
| 005 | 20250623100222.0 | ||
| 035 | _a(NLR Aleph) 006713102 | ||
| 090 |
_a5363784 _c5363784 |
||
| 100 | _a20110829d1978 |||y0rusy50 ca | ||
| 101 | 0 | _arus | |
| 102 | _aRU | ||
| 105 | _aa z ||||| | ||
| 200 | 1 |
_aВычислительные методы конструирования лекарств _f[Авт. предисл. Л.А. Пирузян, В.В. Авидон] |
|
| 210 |
_aРига _cЗинатне _d1978 |
||
| 215 |
_a232 с. _cил. _d21 |
||
| 300 | _aВ надзаг.: АН ЛатвССР, Ин-т орган. синтеза | ||
| 320 | _aУказ. предм. и имен.: с. 222-228 | ||
| 320 | _aБиблиогр.: с. 211-221 (190 назв.) | ||
| 606 |
_aФармацевтическая химия _xМатематические методы _2psbo |
||
| 700 | 1 |
_aГолендер _bВ.Е. _gВалерий Ефимович |
|
| 701 | 1 |
_aРозенблит _bА.Б. _gАнатолий Борисович |
|
| 702 | 1 |
_4080 _7ca _8rus _aПирузян _bЛ. А. _f1937-2013 _gЛев Арамович _9251227 _3RU\NLR\AUTH\770251283 |
|
| 702 | 1 |
_aАвидон _bВ.В. _4080 |
|
| 801 | 0 |
_aRU _bNLR _gpsbo |
|
| 801 | 1 |
_aRU _bELAR _2rusmarc |
|
| 852 |
_aNLR _j78-3/9759 |
||
| 899 |
_aRuMoRGB _jБ 78-24/495 |
||
| 899 |
_aRuMoRGB _jБ 78-24/496 |
||
| 942 | _cBOOK | ||
| 980 | _aNB | ||